|
|
|
|
| LEADER |
01584nam a2200337 i 4500 |
| 001 |
38795 |
| 003 |
BD-DhAAL |
| 008 |
220606t2019 enka b 001 0 eng d |
| 999 |
|
|
|c 44265
|d 44265
|
| 010 |
|
|
|a 2018967382
|
| 020 |
|
|
|a 9781839100482
|
| 020 |
|
|
|a 9781786438546 (cased)
|
| 040 |
|
|
|a D LC
|b eng
|e rda
|c DLC
|d BD-DhAAL
|
| 050 |
0 |
0 |
|a KZ6471
|b .S27 2019
|
| 082 |
|
|
|a 341.67
|2 23
|
| 100 |
1 |
|
|a Sassòli, Marco,
|e author.
|9 48966
|
| 245 |
1 |
0 |
|a International humanitarian law :
|b rules, controversies, and solutions to problems arising in warfare /
|c Marco Sassòli, Director, Geneva Academy of International Human Rights and Professor, University of Geneva, Switzerland ; with the assistance of Patrick S. Nagler, Research Assistant and Doctoral Candidate, University of Geneva, Switzerland.
|
| 264 |
|
1 |
|a Cheltenham, UK ;
|a Northampton, MA :
|b Edward Elgar Publishing,
|c c2019.
|
| 300 |
|
|
|a lxi, 656 pages ;
|c 25 cm.
|
| 490 |
0 |
|
|a Principles of international law
|
| 504 |
|
|
|a Includes bibliographical references and index.
|
| 526 |
|
|
|a PPDM, ARC
|
| 541 |
|
|
|a Trim Education
|e 38795
|
| 650 |
|
0 |
|a Humanitarian law.
|9 48967
|
| 650 |
|
0 |
|a War victims
|x Legal status, laws, etc.
|9 48968
|
| 650 |
|
0 |
|a International law and human rights.
|9 48969
|
| 650 |
|
0 |
|a Law.
|9 48970
|
| 700 |
1 |
|
|a Nagler, Patrick,
|e author.
|9 48971
|
| 852 |
|
|
|a Ayesha Abed Library
|c General Stacks
|
| 942 |
|
|
|2 ddc
|c BK
|
| 952 |
|
|
|0 0
|1 0
|2 ddc
|4 0
|6 341_670000000000000_SAS
|7 0
|9 70736
|a BRACUL
|b BRACUL
|c GEN
|d 2022-05-31
|e Trim Education
|g 4990.00
|l 6
|m 46
|o 341.67 SAS
|p 3010038795
|r 2025-11-11
|s 2025-10-30
|t 1
|v 4990.00
|w 2022-05-31
|y BK
|